000 00749 a2200217 4500
999 _c10377
_d10377
020 _a9781259252907
050 _aRM300 KAT 2015
100 _aKatzung, Bertram G.
_eeditor
245 _aBasic & clinical pharmacology /
_cedited by Bertram G. Katzung and Anthony J. Trevor
250 _aThirteenth edition
264 _aNew York :
_bMcGraw Hill Education,
_c2015
300 _axi, 1203 pages :
_billustrations
440 _aLange medical book.
500 _a"Lange medical book." Includes bibliographical references and index
650 _aPharmacology
650 _aClinical pharmacology
650 _aDrugs
650 _aPharmaceutical preparations
700 _aTrevor, Anthony J.
_eauthor
942 _2lcc
_cBK
_e13th edition
_h300
_iKAT
_kRM